00369pab a2200121 454500008004000000100001700040245008500057260000900142300000800151362000900159650003700168773004200205180718b1987 xxu||||| |||| 00| 0 eng d aKamath, S.R. aStatus of tuberculosis control in mumbai and role of medical college specialists c1987 a5-6 aDec. aHealth Services - India - Bombay aBrihan Mimbai Mahanagarpalika Patrika